Couleurs des cartes françaises dans différentes langues - Statistiques

Statistiques générales
  • Ce quiz a été pris 44 fois
  • Le résultat moyen est 7 sur 28
Statistiques - réponses
Réponses % Correct
Carreau
100%
Cœur
98%
Trèfle
95%
Pique
93%
Heart
86%
Corazón
50%
Spade
24%
Diamond
19%
Hart
14%
Pik
14%
Cuori
12%
Club
10%
Diamante
10%
Karo
10%
Pica
10%
Picche
10%
Herz
7%
Trébol
5%
Ruit
2%
Schop
2%
Copa
0%
Espada
0%
Fiori
0%
Klaver
0%
Kreuz
0%
Ouros
0%
Paus
0%
Quadri
0%
Aucun quiz correspondant
Distribution des résultats
% des personnes avec chaque résultat
Percentile par nombre de réponses
Votre historique - résultats
Vous n’avez pas pris ce quiz